000 00869nam a2200265 a 4500
001 57633
003 BD-RjUL
005 20211209080533.0
008 161211s1939 ii a 001 0 eng
035 _a(BD-RjUL)57757
040 _aDLC
_cDLC
_beng
041 _aeng
082 _223
_a200
_bESS 1939
245 0 4 _aThe essential unity of all religions /
_ccompiled by Bhagavan Das.
250 _a2nd ed., greatly enl.
260 _aBenares :
_bKashi Vidyapitha :
_bSole agent, Indian Book Shop, Theosophical Society,
_c1939.
300 _alvi, 683 p. ;
_c18 cm.
500 _aIncludes index.
500 _aMaster microform held by: ICRL.
650 0 _aReligions
_9171137
700 1 _aDas, Bhagavan,
_d1869-1958.
_9171138
830 0 _aSAMP early 20th-century Indian books project ;
_vitem 07000.
_9171149
942 _2ddc
_cBK
999 _c57633
_d57633